Suomen kalalajit - Statistics

Yleistilastot
  • Tätä visaa on pelattu 86 kertaa
  • Keskiarvotulos 18 / 69
Vastaustilastot
% Oikein
ahven
99%
hauki
99%
lohi
94%
särki
83%
silakka
81%
kuha
80%
siika
75%
muikku
74%
kirjolohi
70%
lahna
70%
taimen
67%
made
65%
kampela
61%
nieriä
49%
salakka
46%
ankerias
45%
harjus
43%
turska
41%
kiiski
39%
toutain
36%
säyne
35%
suutari
30%
sorva
26%
kilohaili
23%
pasuri
23%
turpa
23%
kuore
22%
kolmipiikki
20%
puronieriä
20%
nahkiainen
19%
aurinkoahven
17%
mutu
17%
törö
16%
vimpa
16%
piikkikampela
14%
härkäsimppu
13%
karppi
13%
sulkava
13%
isosimppu
10%
kivennuoliainen
10%
kivinilkka
9%
kymmenpiikki
9%
kyttyrälohi
9%
seipi
9%
harmaanieriä
7%
miekkasärki
7%
mustatäplätokko
7%
rasvakala
7%
allikkosalakka
6%
hopearuutana
6%
siloneula
6%
elaska
4%
imukala
4%
liejutokko
4%
nokkakala
4%
piikkisimppu
4%
pikkunahkiainen
4%
vaskikala
4%
piikkimonni
3%
särmäneula
3%
seitsenruototokko
3%
teisti
3%
idänsieraintokko
1%
nokkasärki
1%
silokampela
1%
katkerokala
0%
peledsiika
0%
rohmutokko
0%
valkoevätörö
0%
Ehtoja vastaavia visoja ei löytynyt
Tulosjakauma
Jokaisen tuloksen saaneiden osuus
Persentiili vastausten määrän mukaan
Tuloshistoriasi
Et ole pelannut tätä visaa